Clinical Chemistry & Metabolic Medicine (Record no. 4175)

MARC details
000 -LEADER
fixed length control field 01134pam a22003974a 4500
001 - CONTROL NUMBER
control field 14684168
003 - CONTROL NUMBER IDENTIFIER
control field OSt
005 - DATE AND TIME OF LATEST TRANSACTION
control field 20161011190702.0
008 - FIXED-LENGTH DATA ELEMENTS--GENERAL INFORMATION
fixed length control field 070103s2006 enka 001 0 eng c
010 ## - LIBRARY OF CONGRESS CONTROL NUMBER
LC control number 2007295038
015 ## - NATIONAL BIBLIOGRAPHY NUMBER
National bibliography number GBA631456
Source bnb
016 7# - NATIONAL BIBLIOGRAPHIC AGENCY CONTROL NUMBER
Record control number 101284670
Source DNLM
016 7# - NATIONAL BIBLIOGRAPHIC AGENCY CONTROL NUMBER
Record control number 013426004
Source Uk
020 ## - INTERNATIONAL STANDARD BOOK NUMBER
International Standard Book Number 0340906162
020 ## - INTERNATIONAL STANDARD BOOK NUMBER
International Standard Book Number 0340906170
020 ## - INTERNATIONAL STANDARD BOOK NUMBER
International Standard Book Number 9780340906163
035 ## - SYSTEM CONTROL NUMBER
System control number (OCoLC)ocm64957773
035 ## - SYSTEM CONTROL NUMBER
System control number (OCoLC)64957773
040 ## - CATALOGING SOURCE
Original cataloging agency NLM
Transcribing agency NLM
Modifying agency UKM
-- BAKER
-- YDXCP
-- DLC
042 ## - AUTHENTICATION CODE
Authentication code pcc
050 00 - LIBRARY OF CONGRESS CALL NUMBER
Classification number RB40
Item number .C78 2006
060 00 - NATIONAL LIBRARY OF MEDICINE CALL NUMBER
Classification number 2006 J-210
060 10 - NATIONAL LIBRARY OF MEDICINE CALL NUMBER
Classification number QY 90
Item number C948c 2006
082 00 - DEWEY DECIMAL CLASSIFICATION NUMBER
Classification number QY 90
Item number C883c 2006
100 1# - MAIN ENTRY--PERSONAL NAME
Personal name Crook, Martin.
9 (RLIN) 8999
245 10 - TITLE STATEMENT
Title Clinical Chemistry & Metabolic Medicine
250 ## - EDITION STATEMENT
Edition statement 7th ed.
260 ## - PUBLICATION, DISTRIBUTION, ETC. (IMPRINT)
Place of publication, distribution, etc. London ;
Name of publisher, distributor, etc. Hodder Arnold,
Date of publication, distribution, etc. 2006.
300 ## - PHYSICAL DESCRIPTION
Extent 426 p. :
Other physical details ill. ;
Dimensions 28 cm.
504 ## - BIBLIOGRAPHY, ETC. NOTE
Bibliography, etc Includes index.
650 #0 - SUBJECT ADDED ENTRY--TOPICAL TERM
Topical term or geographic name as entry element Clinical chemistry.
9 (RLIN) 428
650 #0 - SUBJECT ADDED ENTRY--TOPICAL TERM
Topical term or geographic name as entry element Metabolism.
9 (RLIN) 9000
856 41 - ELECTRONIC LOCATION AND ACCESS
Materials specified Table of contents only
Uniform Resource Identifier http://www.loc.gov/catdir/toc/fy0709/2007295038.html
906 ## - LOCAL DATA ELEMENT F, LDF (RLIN)
a 7
b cbc
c pccadap
d 2
e ncip
f 20
g y-gencatlg
942 ## - ADDED ENTRY ELEMENTS (KOHA)
Source of classification or shelving scheme Dewey Decimal Classification
Koha item type Open Shelf
Holdings
Withdrawn status Lost status Source of classification or shelving scheme Damaged status Not for loan Home library Current library Date acquired Source of acquisition Inventory number Total Checkouts Full call number Barcode Date last seen Koha item type
    Other/Generic Classification Scheme     MUST Main Library MUST Main Library 26/05/2016   10/32527   QY 90 C883c 2006 2016-2161 26/05/2016 Open Shelf
    Other/Generic Classification Scheme     MUST Main Library MUST Main Library 27/06/2016   09/31721   QY 90 C883c 2006 2016-2758 27/06/2016 Open Shelf
    Other/Generic Classification Scheme     MUST Main Library MUST Main Library 27/06/2016   11/34800   QY 90 C883c 2006 2016-2768 27/06/2016 Open Shelf